• 首页
  • 本馆介绍
  • 公告通知
  • 最新文献
  • 馆藏检索
  • 电子资源
  • 读者导购
  • 参考咨询
  • 我的图书馆
  • 登录
  • 详细信息显示
  • 放入我的书架
  • 预约/预借图书
  • 作者相关作品
  • 分类相关作品
  • 丛书相关作品
  • 出版社相关作品

书目信息

  • 表格格式
  • 工作单格式
  • 卡片格式
题名:
糖尿病
    
 
作者: ;蒋国彦 译
分册:  
出版信息: 北京   人民卫生出版社  1982
页数: 87页
开本: 19cm
丛书名:
单 册:
中图分类: R587.1
科图分类:
主题词: 糖尿病--报告--世界卫生组织
电子资源:
ISBN:
000 00797nam0 2200253 45
001 0182010388
005 20060809080651.85
010    @dCNY0.42
091    @a14048.4148
100    @a19950706d1982 kemy0chiy0121 ea
101 1  @achi
102    @aCN@b110000
105    @ay pi 000yy
200 10 @a糖尿病@Atang niao bing@e世界卫生组织糖尿病专家委员会第2次报告@f蒋国彦译
210    @a北京@c人民卫生出版社@d1982
215    @a87页@d19cm
300    @a世界卫生组织技术资料译丛
517 1  @a世界卫生组织糖尿病专家委员会第2次报告@Ashi jie wei sheng zu zhi tang niao bing zhuan jia wei yuan hui di 2 ci bao gao
606    @a糖尿病@x报告@x世界卫生组织
690    @aR587.1@v3
702  0 @a蒋国彦@Ajiang guo yan@4译
801  2 @aCN@bNLC@c20060809
801  0 @aCN@bTSSF
905    @a10447@dR587.1@e65
    
    糖尿病:世界卫生组织糖尿病专家委员会第2次报告/蒋国彦译.-北京:人民卫生出版社,1982
    87页;19cm
    世界卫生组织技术资料译丛
    
    ISBN :CNY0.42
    
●
相关链接 在E读中查询图书 在五车中查询图书 在当当中查询图书 在豆瓣中查询图书


正题名:糖尿病     索取号:R587.1/65         预约/预借

序号 登录号 条形码 馆藏地/架位号 状态 备注
1 0451799   204517996   第二样本阅览室/ [索取号:R587.1/65] 在馆    
唐山师范学院图书馆 欢迎您!
大连网信软件有限公司© 版权所有